000
00305nam a2200109 a 4500
005
20201002061735.0
008
190729s1985 000 spa d
100
_a
Romero Pumarol, Teófilo Ramón
_9
28214
245
0
_a
Antología del ayer : romántico.
260
_a
Santo Domingo,
_c
1985.
999
_c
48698
_d
48698
040
_a
DO-SdBNP